000 00809nas a2200265 4500
001 BR8402065
003 BR-BrBNA
005 20231205085907.0
007 ta
008 230509b bl.|||p| |||| 00| 00por d
040 _aBR-BrBNA
_bpor
_cBiblioteca Nacional de Agricultura
041 _a(Pt)
072 _aE15; B50
100 1 _aMassera, E.J.
245 1 _aAs origens da rizicultura gaucha; o lavoureiro e a propriedade da terra [Rio Grande do Sul, Brasil]
650 _aECONOMIA AGRICOLA
650 _aHISTORIA
650 _aARROZ
650 _aPROPRIEDADE RURAL
650 _aARRENDAMENTO
650 _aRIO GRANDE DO SUL
773 0 _tLavoura Arrozeira (Brazil)
_xISSN 0023-9143
_g(Jan 1984), v. 37(348) p. 16-19
_wBR8402065
909 _a202311
_bLúcia
_c55
_dLúcia Elande
942 _2AGRIS
_n0
_cANA
999 _c114588
_d114588